| 000 | 00992cam a22001934a 4500 | ||
|---|---|---|---|
| 005 | 20250605163938.0 | ||
| 008 | 250528s ||||||||||||||||||||||||d | ||
| 035 | _a14944 | ||
| 020 | _a9607596021 | ||
| 040 |
_aGR-AtMCL _bgre _dGR-AtMCL _eAACR2 |
||
| 245 | 1 | _aΟδηγός για το Σύστημα 7 | |
| 260 |
_bCosmosware, _c1992 |
||
| 300 | _a346 | ||
| 520 | _aΗ Ουσία του Συστήματος, Η Νέα Εμφάνιση, Βελτιώσεις του Finder, Επιτέλους Οργανωμένοι, Ένα Σύστημα στα Χέρια σας, Γρήγορη Πρόσβαση με Είδωλα, Ομαλό Κείμενο Παντού, Μοίρασμα Αρχείου, Δημιουργία Ζωντανών Εγγράφων, Προωθημένες Τεχνικές, Συμβουλες και Μυστικά, Αποκτώντας το Σύστημα 7, Παράρτημα, Πίνακες. | ||
| 700 | 1 |
_aPoole Lon _9755 |
|
| 942 | _cBK | ||
| 999 |
_c553 _d553 |
||